[Event "Madrid-ch Previa-B"]
[Site "Madrid"]
[Date "2017.02.02"]
[Round "1"]
[White "Herreros Villalba, Ana"]
[Black "Ingunza Curro, Andres"]
[Result "0-1"]
[WhiteElo "1114"]
[BlackElo "1670"]
[PlyCount "80"]
[EventDate "2017.02.02"]
[EventType "swiss"]
[EventRounds "9"]
[EventCountry "ESP"]
[SourceTitle "EXT 2018"]
[Source "ChessBase"]
[SourceDate "2017.10.13"]
[SourceVersion "1"]
[SourceVersionDate "2017.10.13"]
[SourceQuality "1"]

1. e4 c5 2. d3 Nc6 3. Nf3 d6 4. Be3 Nf6 5. g3 g6 6. Bg2 Bg7 7. 0-0 0-0 8. c3 e5 9. d4 cxd4 10. cxd4 Nxe4 11. d5 Ne7 12. Nxe5 Bxe5 13. Qb3 f5 14. Nc3 Nxc3 15. bxc3 Qc7 16. Rac1 Bd7 17. c4 b6 18. Rfd1 Rab8 19. Bg5 Bf6 20. Bh6 Rfe8 21. h4 Kh8 22. Bf4 a5 23. Qa3 Nc8 24. c5 bxc5 25. Rxc5 Qxc5 26. Qxc5 dxc5 27. Bxb8 Nb6 28. Bd6 Bd4 29. Bc7 Nc4 30. d6 Re2 31. Bd5 Nd2 32. Bxa5 Rxf2 33. Bc3 Rf1+ 34. Kg2 Rxd1 35. Bxd4+ cxd4 36. Kf2 Ne4+ 37. Kf3 d3 38. Bb3 Nd2+ 39. Kf4 Nxb3 40. axb3 Re1 0-1